000
00286nam a2200097Ia 4500
008
230915s9999 xx 000 0 und d
050
_a
HF5635.S78 2009 V.1
100
_a
PATRICIA LIBBY
245
0
_a
STUDY GUIDE VOLUME 1, CHAPTERS 1-12 FOR USE WITH PRINCIPLES OF ACCOUNTING
942
_c
BK
999
_c
82433
_d
82433